000 00713cab a2200241 4500
001 ABS58562
008 090401t1998 xxu||||| |||| 00| 0 eng d
035 _a(Sirsi) u85454
041 _aeng
100 _aThomas, M.
245 _aProperty action plan
260 _c1998
350 _a0
490 _aLeisure Management
_v18(3) March 1998, 18-20(3)
520 _aDiscusses the UK liquor licensing system and its relationship to planning and development. offers an alternative solution through the planning process.
650 _aLEISURE
650 _aLICENSING ACT 1964
650 _aLICENSING
650 _aPLANNING PROCESS
690 _aECONOMIC AND SOCIAL
942 _n0
948 _c06/04/1998
999 _c53734
_d53734